<?xml version="1.0" encoding="UTF-8"?>
<record
    xmlns:xsi="http://www.w3.org/2001/XMLSchema-instance"
    xsi:schemaLocation="http://www.loc.gov/MARC21/slim http://www.loc.gov/standards/marcxml/schema/MARC21slim.xsd"
    xmlns="http://www.loc.gov/MARC21/slim">

  <leader>00568nam a22001457a 4500</leader>
  <datafield tag="999" ind1=" " ind2=" ">
    <subfield code="c">121903</subfield>
    <subfield code="d">121903</subfield>
  </datafield>
  <controlfield tag="005">20210410113448.0</controlfield>
  <controlfield tag="008">210410b           ||||| |||| 00| 0 eng d</controlfield>
  <datafield tag="040" ind1=" " ind2=" ">
    <subfield code="c">PK-LaUMT</subfield>
  </datafield>
  <datafield tag="082" ind1=" " ind2=" ">
    <subfield code="a">RHC 891.551</subfield>
    <subfield code="b">SHA-N</subfield>
  </datafield>
  <datafield tag="100" ind1=" " ind2=" ">
    <subfield code="a">Shah Dai Elalla Sherazi = &#x634;&#x627;&#x6C1; &#x62F;&#x627;&#x639;&#x6CC; &#x627;&#x644;&#x6CC; &#x627;&#x644;&#x644;&#x6C1; &#x634;&#x6CC;&#x631;&#x627;&#x632;&#x6CC;</subfield>
  </datafield>
  <datafield tag="245" ind1=" " ind2=" ">
    <subfield code="a">Nasaim gulshan (sharah gulshan-i-raz) =   &#x646;&#x633;&#x627;&#x6CC;&#x645; &#x6AF;&#x644;&#x634;&#x646; (&#x634;&#x631;&#x62D; &#x6AF;&#x644;&#x634;&#x646; &#x631;&#x627;&#x632;) /</subfield>
    <subfield code="c">by Shah Dai Elalla Sherazi = &#x634;&#x627;&#x6C1; &#x62F;&#x627;&#x639;&#x6CC; &#x627;&#x644;&#x6CC; &#x627;&#x644;&#x644;&#x6C1; &#x634;&#x6CC;&#x631;&#x627;&#x632;&#x6CC;</subfield>
  </datafield>
  <datafield tag="260" ind1=" " ind2=" ">
    <subfield code="a">Lahore :</subfield>
    <subfield code="b">Markaz Tahqeqaat Farsi Iran,</subfield>
    <subfield code="c">N A</subfield>
  </datafield>
  <datafield tag="300" ind1=" " ind2=" ">
    <subfield code="a">375 p.</subfield>
  </datafield>
  <datafield tag="942" ind1=" " ind2=" ">
    <subfield code="c">BK</subfield>
  </datafield>
  <datafield tag="952" ind1=" " ind2=" ">
    <subfield code="0">0</subfield>
    <subfield code="1">0</subfield>
    <subfield code="4">0</subfield>
    <subfield code="7">0</subfield>
    <subfield code="a">01</subfield>
    <subfield code="b">01</subfield>
    <subfield code="d">2021-04-10</subfield>
    <subfield code="l">0</subfield>
    <subfield code="o">RHC 891.551 SHA-N</subfield>
    <subfield code="p">137268</subfield>
    <subfield code="r">2021-04-10 00:00:00</subfield>
    <subfield code="w">2021-04-10</subfield>
    <subfield code="y">BK</subfield>
  </datafield>
</record>
